000 00548nam a2200217Ia 4500
003 OSt
005 20220928151802.0
006 a|||||r|||| 00| 0
007 ta
008 220927b |||||||| |||| 00| 0 eng d
024 _a131520
037 _cTextual
040 _aSDCL
_cSDCL
_beng
041 _2eng
_aeng
082 _aO-,3M19w, L5
100 _aRedinger Ruby V
_9518279
245 0 _aGeorge Eliot
_b The emergent self.
260 _c1975
942 _hO-,3M19w, L5
_cTEXL
_2CC
999 _c853099
_d853099